000 00832cam a22002777a 4500
003 CHAP
005 20220817042128.0
008 971013s1957 r 00010 d
010 _a35577
011 _a36549
035 _a40668
040 _cCHAP
082 _a330.972
_bM48
110 _aMéxico. Secretaría de Economía
_977165
245 1 3 _aLa economía mexicana en 1956
260 _aMéxico, D.F. :
_bLa Secretaría,
_c1957
300 _a242 p.
_b; gráfs
590 _aBATCH-UPD
_b10
_c20130110
_lUCH01
_h1642
590 _aBATCH-UPD
_b10
_c20130410
_lUCH01
_h1033
590 _aBATCH-UPD
_b10
_c20130914
_lUCH01
_h1823
590 _aCONVERSION
_b10
_c20130109
_lUCH01
_h1320
650 1 4 _aMéxico
_xCondiciones económicas.
901 _aBK
942 _cLIBRO
949 _a330.972 M48
_bBC
_cBPA
_d-92915
_eBPA
_h11515
_i40668
_si
999 _c35577
_d35577